000 00513nam a2200181Ia 4500
005 20250508163142.0
008 008 250505s9999 xx 000 0 eng d
037 _aBooks to be hide in OPAC
040 _aFEDL
_beng
_cFEDL
041 _aeng
_2eng
084 _a320.7, NCE/O
_qFEDL
245 0 _aImproving instruction in civics
245 0 _cNational Council of Educational Research and Training
260 _c1969
300 _a89p.
942 _cHB
_h320.7, NCE/O
999 _c1381168
_d1381168